00557nam a2200181Ia 450000500170000000800460001703700290006304000200009204100130011208400210012510000260014624500420017226000090021430000100022394200190023399900210025295201020027320250508151850.0008 250505s9999 xx 000 0 rus d aBooks to be hide in OPAC aFEDLbengcFEDL arus2eng a372, RUS/OqFEDL aKosminoki E A9760192 0aMedival history for class 6th and 7th c1956 a189p. cHBh372, RUS/O c1332586d1332586 00104070aFEDLbFEDLd2025-05-08l0o372, RUS/OpEL0013792r2025-05-08 15:18:50w2025-05-08yHB